<?xml version="1.0" encoding="UTF-8"?>
<collection xmlns="http://www.loc.gov/MARC21/slim">
    <record>
        <controlfield tag="001">97978</controlfield>
        <controlfield tag="005">20210118122901.0</controlfield>
        <datafield tag="037" ind1=" " ind2=" ">
            <subfield code="a">TAZ-TFG-2020-3217</subfield>
        </datafield>
        <datafield tag="041" ind1=" " ind2=" ">
            <subfield code="a">spa</subfield>
        </datafield>
        <datafield tag="100" ind1="1" ind2=" ">
            <subfield code="a">Fraca Carriquiri, Alberto</subfield>
        </datafield>
        <datafield tag="242" ind1="0" ind2="0">
            <subfield code="a">Study of new natural extracts for their incorporation in biopolymers for the future development of active films</subfield>
        </datafield>
        <datafield tag="245" ind1="0" ind2="0">
            <subfield code="a">Estudio de nuevos extractos naturales para su incorporación en biopolímeros para el futuro desarrollo de films activos</subfield>
        </datafield>
        <datafield tag="260" ind1=" " ind2=" ">
            <subfield code="a">Zaragoza</subfield>
            <subfield code="b">Universidad de Zaragoza</subfield>
            <subfield code="c">2020</subfield>
        </datafield>
        <datafield tag="506" ind1=" " ind2=" ">
            <subfield code="a">by-nc-sa</subfield>
            <subfield code="b">Creative Commons</subfield>
            <subfield code="c">3.0</subfield>
            <subfield code="u">http://creativecommons.org/licenses/by-nc-sa/3.0/</subfield>
        </datafield>
        <datafield tag="520" ind1=" " ind2=" ">
            <subfield code="a">El envasado activo consiste en la incorporación de agentes activos en el material de envase para obtener alimentos más seguros, de mayor calidad y con mayor vida útil. Esto se consigue con la incorporación de compuestos (agentes activos) de origen sintético o natural como extractos vegetales, aceites esenciales, etc; con capacidades antimicrobianas, antioxidantes, de absorción o emisión. Estos agentes son preferiblemente incorporados en polímeros biodegrables en vez de plásticos debido a la extensa polución provocada por su uso. En este trabajo hemos estudiado las propiedades antioxidantes y antimicrobianas de los aceites esenciales y extractos naturales, para incorporarlos en biopolímeros celulósicos y así crear films activos. Para ello usamos aceites de tomillo rojo y mostaza y extractos de equinacea purpúrea, equinacea angustifolia y alfalfa, que fueron sometidos a estudios de determinación de actividad antioxidante, como el 2,2-difenil-1-picrilhidracilo (DPPH) y la captación de radicales libres, así como la evaluación de su susceptibilidad antimicrobiana mediante la determinación de la Concentración Mínima Inhibitoria (MIC) y la Concentración Mínima Bactericida (MBC). Después, los más activos se incorporaron en los biopolímeros celulósicos. Nuestros resultados mostraron que el aceite esencial de tomillo era el mejor para realizar films activos, debido a tener una IC50 de 16 mg/g y valores de MIC y MBC inferiores a 1 mg/mL (0,25 mg/mL y 0,5 mg/mL para ambas MIC y MCB en E.coli and L. monocytogenes respectivamente); sin embargo, su miscibilidad con la carboximetil celulosa era problemática y peor que la de equinacea purpúrea; esto llevó a su incorporación en complejos de inclusión con ciclodextrina para mejorar la miscibilidad. La carboximetilcelulosa de sodio se secaba mejor, estando menos pegada a la placa. Concluimos que el film de carboximetilcelulosa de sodio con aceite esencial de tomillo rojo tiene las mejores propiedades, teniendo potencial para ser un buen material para el envasado activo. &lt;br />&lt;br /></subfield>
        </datafield>
        <datafield tag="521" ind1=" " ind2=" ">
            <subfield code="a">Graduado en Biotecnología</subfield>
        </datafield>
        <datafield tag="540" ind1=" " ind2=" ">
            <subfield code="a">Derechos regulados por licencia Creative Commons</subfield>
        </datafield>
        <datafield tag="700" ind1=" " ind2=" ">
            <subfield code="a">Almeida e Silva, Filomena Augusta</subfield>
            <subfield code="e">dir.</subfield>
        </datafield>
        <datafield tag="710" ind1="2" ind2=" ">
            <subfield code="a">Universidad de Zaragoza</subfield>
            <subfield code="b"> </subfield>
            <subfield code="c"></subfield>
        </datafield>
        <datafield tag="856" ind1="0" ind2=" ">
            <subfield code="f">740447@unizar.es</subfield>
        </datafield>
        <datafield tag="856" ind1="4" ind2=" ">
            <subfield code="s">2430907</subfield>
            <subfield code="u">http://zaguan.unizar.es/record/97978/files/TAZ-TFG-2020-3217.pdf</subfield>
            <subfield code="y">Memoria (spa)</subfield>
        </datafield>
        <datafield tag="909" ind1="C" ind2="O">
            <subfield code="o">oai:zaguan.unizar.es:97978</subfield>
            <subfield code="p">driver</subfield>
            <subfield code="p">trabajos-fin-grado</subfield>
        </datafield>
        <datafield tag="950" ind1=" " ind2=" ">
            <subfield code="a"></subfield>
        </datafield>
        <datafield tag="951" ind1=" " ind2=" ">
            <subfield code="a">deposita:2021-01-18</subfield>
        </datafield>
        <datafield tag="980" ind1=" " ind2=" ">
            <subfield code="a">TAZ</subfield>
            <subfield code="b">TFG</subfield>
            <subfield code="c">CIEN</subfield>
        </datafield>
        <datafield tag="999" ind1=" " ind2=" ">
            <subfield code="a">20200713211456.CREATION_DATE</subfield>
        </datafield>
    </record>

    
</collection>